Survey of the people displaced through the Koyna Dam, July 1965 to January 1967 (Record no. 347511)

000 -LEADER
fixed length control field 00533cam a22001457a 4500
008 - FIXED-LENGTH DATA ELEMENTS--GENERAL INFORMATION
fixed length control field 180718b1969 xxu||||| |||| 00| 0 eng d
082 ## - DEWEY DECIMAL CLASSIFICATION NUMBER
Classification number J4x5442 K149
100 ## - MAIN ENTRY--PERSONAL NAME
Personal name Karve, Irawati
245 ## - TITLE STATEMENT
Title Survey of the people displaced through the Koyna Dam, July 1965 to January 1967
Statement of responsibility, etc. by Irawati Karve and Jai Nimbkar
260 ## - PUBLICATION, DISTRIBUTION, ETC.
Place of publication, distribution, etc. Poona
Name of publisher, distributor, etc. Deccan College
Date of publication, distribution, etc. 1969
300 ## - PHYSICAL DESCRIPTION
Extent 148p.
650 ## - SUBJECT ADDED ENTRY--TOPICAL TERM
Topical term or geographic name entry element Maharashtra (India) --Rural conditions --Case studies
650 ## - SUBJECT ADDED ENTRY--TOPICAL TERM
Topical term or geographic name entry element Farmers --India --Maharashtra (State) --Case studies
700 ## - ADDED ENTRY--PERSONAL NAME
Personal name Nimbkar, Jai
Holdings
Withdrawn status Lost status Damaged status Not for loan Permanent Location Current Location Date acquired Full call number Barcode Date last seen Price effective from Koha item type
        Indian Institute of Public Administration Indian Institute of Public Administration 1993-10-18 J4x5442 K149 49585 2018-07-21 2018-07-21 Book

Powered by Koha